[Event "Olimpiade 2024 - Donne"]
[Site "Budapest"]
[Date "20.09.2024"]
[Round "9.57"]
[Board "1"]
[White "Bwalya Mulwale, Lubuuto"]
[Black "Mahi R. Shah"]
[Result "1-0"]
[WhiteTitle "WCM"]
[WhiteElo "1852"]
[BlackElo "1602"]
[WhiteTeam "Zambia"]
[BlackTeam "Tanzania"]
[WhiteFideId "8706964"]
[BlackFideId "21601283"]
[EventDate "2024.09.11"]

1. c4 e6 2. Nc3 Nf6 3. Nf3 d5 4. d4 Be7 5. e3 O-O 6. Bd3 dxc4 7. Bxc4 c5 8. O-O
cxd4 9. exd4 Nc6 10. Be3 b6 11. Qe2 Bb7 12. Rac1 Na5 13. Ba6 Nd5 14. Bxb7 Nxc3
15. Rxc3 Nxb7 16. Qa6 Na5 17. Rfc1 Qd5 18. Rc7 Bd6 19. Rxa7 Rxa7 20. Qxa7 Nc4
21. b3 Nxe3 22. fxe3 Qe4 23. Re1 Qc6 24. Qa6 Ra8 25. Qe2 Rc8 26. Qd2 Qc2 27. Re2
Qe4 28. Qb2 Bb4 29. a3 Bd6 30. Kf2 Ra8 31. b4 Qd3 32. Ne1 Qxa3 33. Qxa3 Rxa3 34.
Rb2 b5 35. h3 g6 36. Ke2 Kg7 37. Nc2 Rc3 38. Kd2 Rc4 39. Kd3 e5 40. Na3 Rxb4 41.
Rxb4 Bxb4 42. Nxb5 exd4 43. exd4 Kf6 44. Ke4 Ke7 45. g4 Be1 46. Na3 Bg3 47. Nc4
Bc7 48. Kd5 Kd7 49. Ne5+ Ke7 50. g5 f5 51. h4 f4 52. Nf3 Kd7 53. Ke4 Ke6 54. Nd2
Ba5 55. d5+ Kd7 56. Nf3 Kd6 57. Nd4 Bb6 58. Ne6 f3 59. Kxf3 Kxd5 60. Nf8 Bc5 61.
Nxh7 Be7 62. h5 gxh5 63. g6 Ke6 64. Kf4 Bf6 65. Ng5+ Bxg5+ 66. Kxg5 h4 67. Kh6
h3 68. g7 Kf7 69. Kh7 h2 70. g8=Q+ Ke7 71. Qg2 Ke6 72. Qxh2 Kd5 73. Qf4 Kc5 74.
Qe4 Kb5 75. Qd4 Ka5 76. Qb2 Ka4 77. Kg6 Ka5 78. Kf5 Ka4 79. Ke5 Ka5 80. Kd5 Ka6
81. Kc6 Ka7 82. Qb7# 1-0

[Event "Olimpiade 2024 - Donne"]
[Site "Budapest"]
[Date "20.09.2024"]
[Round "9.57"]
[Board "2"]
[White "Anahi Rishit Shah"]
[Black "Likando Namakau"]
[Result "0-1"]
[WhiteElo "1513"]
[BlackElo "1746"]
[WhiteTeam "Tanzania"]
[BlackTeam "Zambia"]
[WhiteFideId "21601682"]
[BlackFideId "8714029"]
[EventDate "2024.09.11"]

1. e4 c6 2. d4 d5 3. exd5 cxd5 4. Nf3 Bg4 5. Bb5+ Nc6 6. Bxc6+ bxc6 7. O-O e6 8.
Bf4 Qb6 9. Nbd2 Qxb2 10. Qb1 Qb5 11. Qxb5 cxb5 12. c3 Nf6 13. Rab1 a6 14. h3 Bf5
15. Rb3 Be7 16. Ne5 Rc8 17. Nef3 Ne4 18. Nxe4 Bxe4 19. Ng5 Bd3 20. Ra1 O-O 21.
Nf3 f6 22. Ne1 Bc4 23. Rbb1 Rc6 24. a4 Rfc8 25. Bd2 e5 26. dxe5 fxe5 27. Nc2 Bc5
28. axb5 Bxb5 29. Be3 Bd3 30. Nb4 Bxb4 31. Rxb4 Rxc3 32. Rb2 d4 33. Bd2 Rc2 34.
Rxc2 Rxc2 35. Be1 Bb5 36. f3 Kf7 37. Rd1 Be2 38. Rd2 Rxd2 39. Bxd2 Ke6 40. Kf2
Bd3 41. g4 g6 42. g5 Kd5 43. h4 Kc5 44. Kg3 Kb5 45. Kf2 a5 46. Ke1 a4 47. Bc1
Kc4 48. Kd1 Kb3 49. Kd2 Bf5 50. Ke2 a3 51. Bxa3 Kxa3 52. Kd1 Kb3 53. Kd2 Kc4 54.
Ke2 Kc3 55. Kd1 d3 56. f4 d2 57. h5 Bc2+ 58. Ke2 d1=Q+ 59. Kf2 exf4 60. hxg6
Bxg6 61. Kg2 Be4+ 62. Kh3 Qf3+ 63. Kh4 Qg3+ 64. Kh5 Qh3# 0-1

[Event "Olimpiade 2024 - Donne"]
[Site "Budapest"]
[Date "20.09.2024"]
[Round "9.57"]
[Board "3"]
[White "Mbatha, Constance"]
[Black "Bertha Samson Mkude"]
[Result "1-0"]
[WhiteTitle "WFM"]
[WhiteElo "1799"]
[BlackElo "1459"]
[WhiteTeam "Zambia"]
[BlackTeam "Tanzania"]
[WhiteFideId "8700591"]
[BlackFideId "21600686"]
[EventDate "2024.09.11"]

1. e4 e5 2. Bc4 Nf6 3. d3 h6 4. Nf3 d6 5. Nc3 Be7 6. Be3 Bg4 7. h3 Bh5 8. g4 Bg6
9. Qd2 Nc6 10. a3 a6 11. Nd5 Qd7 12. Nxf6+ Bxf6 13. O-O-O O-O-O 14. Rhg1 Be7 15.
Qe2 f6 16. Bd5 Rhf8 17. d4 exd4 18. Bxd4 Bf7 19. Rge1 Rde8 20. Qc4 Bxd5 21. exd5
Na5 22. Qc3 Qb5 23. Be3 f5 24. Nd4 Bf6 25. Nxb5 Bxc3 26. Nxc3 fxg4 27. hxg4 Nc4
28. Bd4 Rxe1 29. Rxe1 g5 30. Rh1 c5 31. dxc6 bxc6 32. Rxh6 Kd7 33. Bf6 Re8 34.
Bxg5 Re1+ 35. Nd1 Ne5 36. Bf4 Nxg4 37. Rxd6+ Kc8 38. Rxc6+ Kb7 39. Rc7+ Kb6 40.
Rd7 Nxf2 41. Be3+ Kc6 42. Bxf2 Rh1 43. Rd2 Kb5 44. c3 a5 45. Kc2 a4 46. Rd6 Ka5
47. c4 Rh5 48. Rd7 Rh6 49. Nc3 Rh2 50. Ra7# 1-0

[Event "Olimpiade 2024 - Donne"]
[Site "Budapest"]
[Date "20.09.2024"]
[Round "9.58"]
[Board "1"]
[White "Viana, Valeria"]
[Black "Hamadeh, Sally"]
[Result "1-0"]
[WhiteTitle "WFM"]
[WhiteElo "1882"]
[BlackElo "1557"]
[WhiteTeam "Honduras"]
[BlackTeam "Lebanon"]
[WhiteFideId "8407100"]
[BlackFideId "5312671"]
[EventDate "2024.09.11"]

1. e4 e5 2. Nf3 Nc6 3. Bb5 Nf6 4. d3 Bc5 5. c3 d6 6. d4 exd4 7. cxd4 Bb4+ 8. Kf1
Bd7 9. Qa4 a5 10. a3 O-O 11. axb4 axb4 12. Qxa8 Qxa8 13. Rxa8 Rxa8 14. Nbd2 Bg4
15. Bd3 Bxf3 16. Nxf3 Ra1 17. Ke2 g5 18. d5 Na5 19. Rd1 g4 20. Nd4 Nd7 21. Bd2
Ra2 22. Rb1 Ra4 23. Bb5 Ra2 24. Bxd7 Nc4 25. Bxb4 Nxb2 26. Kf1 Nd3 27. Be1 Ne5
28. Bb5 Kf8 29. Rc1 c6 30. dxc6 bxc6 31. Nxc6 Ng6 32. Bc3 Ra8 33. Bb4 h5 34.
Bxd6+ Kg7 35. Ne5 Nf4 36. Nxg4 Nxg2 37. Kxg2 hxg4 38. Be2 Re8 39. Rc4 Re6 40. e5
Rg6 41. Rxg4 Rxg4+ 42. Bxg4 Kg6 43. h4 Kh6 44. Kf3 Kg6 45. Kf4 Kh6 46. Bd1 Kg6
47. Bb3 Kg7 48. h5 Kh6 49. Bxf7 Kg7 50. Bb3 Kh6 51. e6 Kg7 52. e7 1-0

[Event "Olimpiade 2024 - Donne"]
[Site "Budapest"]
[Date "20.09.2024"]
[Round "9.58"]
[Board "2"]
[White "Fawaz, Nadia"]
[Black "Torres Hernandez, Leslie Carolin"]
[Result "1-0"]
[BlackTitle "WFM"]
[WhiteElo "1747"]
[BlackElo "1891"]
[WhiteTeam "Lebanon"]
[BlackTeam "Honduras"]
[WhiteFideId "5309743"]
[BlackFideId "8400504"]
[EventDate "2024.09.11"]

1. e4 e5 2. Nf3 Nc6 3. Bc4 Be7 4. d4 d6 5. h3 Nf6 6. Nc3 O-O 7. O-O a6 8. a4
Nxe4 9. Nxe4 d5 10. Bxd5 Qxd5 11. Nc3 Qa5 12. d5 Rd8 13. Qe2 Nb4 14. Nxe5 Nxd5
15. Nc4 Qc5 16. Nxd5 Rxd5 17. b4 Qd4 18. Qxe7 Be6 19. Nb2 b6 20. Ra3 Rd7 21. Qg5
Qxb4 22. Nd3 Qf8 23. a5 b5 24. Nc5 Rd5 25. Nxe6 Rxg5 26. Nxf8 Rd5 27. Nxh7 Kxh7
28. Rd3 Rc5 29. c3 Re8 30. Be3 Rc4 31. Rb1 Ree4 32. Rd4 Rexd4 33. cxd4 Kg6 34.
Rc1 Rxc1+ 35. Bxc1 Kf5 36. f3 Ke6 37. Kf2 Kd5 38. Ke3 Kc4 39. Kd2 g6 40. h4 Kxd4
41. Bb2+ Kd5 42. g4 Ke6 43. Ke3 c5 44. Ba3 b4 45. Bb2 c4 46. Kd4 c3 47. Bc1 f5
48. Kc4 1-0

[Event "Olimpiade 2024 - Donne"]
[Site "Budapest"]
[Date "20.09.2024"]
[Round "9.58"]
[Board "3"]
[White "Cruz, Bitia"]
[Black "Attieh, Skye"]
[Result "0-1"]
[WhiteTitle "WCM"]
[WhiteElo "1736"]
[BlackElo "1675"]
[WhiteTeam "Honduras"]
[BlackTeam "Lebanon"]
[WhiteFideId "8400644"]
[BlackFideId "5313570"]
[EventDate "2024.09.11"]

1. e4 e6 2. d4 d5 3. e5 c5 4. c3 Nc6 5. Nf3 Qb6 6. Bd3 cxd4 7. cxd4 Bd7 8. Bc2
Nb4 9. O-O Nxc2 10. Qxc2 Ne7 11. Nc3 Nc6 12. Be3 Be7 13. Rfd1 O-O 14. a3 Na5 15.
Bg5 Qd8 16. h4 h6 17. Bxe7 Qxe7 18. Qd3 Rac8 19. g4 Nc4 20. Qe2 f6 21. Kg2 fxe5
22. dxe5 Qf7 23. Rd3 Qg6 24. Rd4 h5 25. Ng5 hxg4 26. b3 Na5 27. Qb2 Qf5 28. Rg1
Nxb3 29. Rb4 Nc5 30. Kh1 Nd3 31. Qd2 Nxb4 32. Nd1 Nd3 33. Rg2 Rc1 34. Qe2 Rxd1+
35. Qxd1 Nxf2+ 36. Rxf2 Qxf2 37. Qd3 Qe1+ 38. Kh2 Rf2+ 0-1

[Event "Olimpiade 2024 - Donne"]
[Site "Budapest"]
[Date "20.09.2024"]
[Round "9.58"]
[Board "4"]
[White "Darweeche, Roaa"]
[Black "Oseguera, Suhey"]
[Result "1-0"]
[WhiteElo "1557"]
[BlackElo "1590"]
[WhiteTeam "Lebanon"]
[BlackTeam "Honduras"]
[WhiteFideId "5313082"]
[BlackFideId "8402183"]
[EventDate "2024.09.11"]

1. d4 d5 2. Bf4 c6 3. c3 Bf5 4. Nd2 e6 5. Ngf3 Bd6 6. Bg3 Bxg3 7. hxg3 Nf6 8.
Nh4 Bg4 9. Qb3 Qc7 10. O-O-O Nbd7 11. f3 c5 12. fxg4 cxd4 13. Kb1 Nxg4 14. Rc1
Rc8 15. Nhf3 O-O 16. Qc2 g6 17. cxd4 Qxg3 18. Qa4 Rxc1+ 19. Kxc1 Rc8+ 20. Kb1
Qc7 21. a3 Nb6 22. Qb5 Ne3 23. Ka2 a6 24. Qb3 Nbc4 25. Nxc4 Qxc4 26. Qxc4 Rxc4
27. Kb1 f6 28. g3 Nf5 29. Bh3 Rc6 30. Bxf5 gxf5 31. Rc1 h5 32. Rh1 b5 33. Rxh5
a5 34. Rh1 Kf7 35. Rh7+ Kg6 36. Rb7 Kh5 37. Rxb5 Kg4 38. Rxa5 Kxg3 39. Rc5 Rb6
40. b4 Kf2 41. Rc2 Ke3 42. Kb2 Ke4 43. Kb3 e5 44. dxe5 fxe5 45. a4 d4 46. a5 Rb8
47. Rc5 Re8 48. Rxe5+ Rxe5 49. Nxe5 Kxe5 50. a6 Ke4 51. a7 Ke3 52. a8=Q Kxe2 53.
Qg2+ Ke3 54. Qh3+ Ke4 55. Kc4 f4 56. Qd3+ Ke5 57. Qxd4+ Kf5 58. Qf2 Ke4 59. b5 1-0

[Event "Olimpiade 2024 - Donne"]
[Site "Budapest"]
[Date "20.09.2024"]
[Round "9.59"]
[Board "1"]
[White "Georgina Sackie"]
[Black "Morales Santos, Natasha"]
[Result "0-1"]
[BlackTitle "WIM"]
[WhiteElo "1688"]
[BlackElo "1972"]
[WhiteTeam "Liberia"]
[BlackTeam "Puerto Rico"]
[WhiteFideId "22601708"]
[BlackFideId "3101703"]
[EventDate "2024.09.11"]

1. d4 d5 2. c4 dxc4 3. Nc3 Nf6 4. e4 e5 5. d5 b5 6. Nxb5 Nxe4 7. Bxc4 Bb4+ 8.
Kf1 O-O 9. Qc2 Nd6 10. Nxd6 cxd6 11. a3 Bc5 12. Nf3 Nd7 13. Bg5 Qe8 14. Bd3 h6
15. Bh4 Bb7 16. Rd1 Rc8 17. Qb3 Bb6 18. Bb1 Nc5 19. Qc2 f5 20. h3 g5 21. Bg3
Ba6+ 22. Kg1 Ne4 23. Qb3 Nxg3 24. Kh2 Ne4 25. Bxe4 fxe4 26. Nd2 Bd3 27. Rc1 Qf7 0-1

[Event "Olimpiade 2024 - Donne"]
[Site "Budapest"]
[Date "20.09.2024"]
[Round "9.59"]
[Board "2"]
[White "Rivera Negron, Yanira"]
[Black "Meleh M. Davis"]
[Result "1-0"]
[WhiteTitle "WCM"]
[WhiteElo "1805"]
[BlackElo "1602"]
[WhiteTeam "Puerto Rico"]
[BlackTeam "Liberia"]
[WhiteFideId "3101177"]
[BlackFideId "22601180"]
[EventDate "2024.09.11"]

1. d4 d5 2. c4 c6 3. cxd5 cxd5 4. Bf4 Nc6 5. e3 Nf6 6. Nc3 Bf5 7. Qb3 Qb6 8.
Qxb6 axb6 9. Bb5 e6 10. Nge2 Bb4 11. O-O O-O 12. Bc7 Nd7 13. a3 Bxc3 14. Nxc3
Rfc8 15. Bd6 Bc2 16. Rfc1 Bb3 17. h3 Bc4 18. b4 Bxb5 19. Nxb5 Ra4 20. Rc3 Na7
21. Rxc8+ Nxc8 22. Rc1 Ra8 23. Rc7 Nxd6 24. Nxd6 Nf8 25. Rxb7 Rxa3 26. Rxb6 Ra7
27. Rc6 g6 28. b5 Nd7 29. b6 Nxb6 30. Rxb6 h5 31. Rb7 Rxb7 32. Nxb7 Kg7 33. Nc5
Kf6 34. Kh2 Kf5 35. Kg3 g5 36. h4 g4 37. Nd3 Kg6 38. Ne5+ Kf6 39. Kf4 Ke7 40.
Nxf7 Kxf7 41. Kg5 Kg7 42. Kxh5 Kf6 43. Kxg4 1-0

[Event "Olimpiade 2024 - Donne"]
[Site "Budapest"]
[Date "20.09.2024"]
[Round "9.59"]
[Board "3"]
[White "Abigail Karyah"]
[Black "Vega Jimenez, Keyshla M."]
[Result "0-1"]
[BlackTitle "WCM"]
[WhiteElo "1790"]
[BlackElo "1769"]
[WhiteTeam "Liberia"]
[BlackTeam "Puerto Rico"]
[WhiteFideId "22601147"]
[BlackFideId "3101851"]
[EventDate "2024.09.11"]

1. d4 d5 2. c4 e6 3. Nc3 Nf6 4. cxd5 exd5 5. Bg5 c6 6. e3 h6 7. Bh4 Be7 8. Bxf6
Bxf6 9. Bd3 O-O 10. Qc2 Re8 11. Nge2 Nd7 12. O-O Nf8 13. Rab1 a5 14. a3 Bd7 15.
b4 b5 16. Nc1 axb4 17. axb4 Be7 18. N1e2 Bd6 19. Rfc1 Qe7 20. Qb2 Ne6 21. Rc2
Ra7 22. Nc1 Rea8 23. Be2 Ng5 24. Bd3 Ne4 25. Bf1 Nxc3 26. Qxc3 Ra3 27. Qd2 Ra1
28. Rcb2 R8a4 29. Na2 Rxb1 30. Rxb1 Bf5 31. Rb2 Qa7 32. Nc1 Qc7 33. g3 Qd7 34.
Bd3 Bh3 35. Rb1 Qe7 36. Na2 Qf6 37. Rc1 Qf3 38. Bf1 Bxf1 39. Rxf1 h5 0-1

[Event "Olimpiade 2024 - Donne"]
[Site "Budapest"]
[Date "20.09.2024"]
[Round "9.60"]
[Board "1"]
[White "Jambo, Linda"]
[Black "Lopez L., Dairyn D."]
[Result "0-1"]
[WhiteTitle "WFM"]
[WhiteElo "1629"]
[BlackElo "1740"]
[WhiteTeam "Malawi"]
[BlackTeam "Guatemala"]
[WhiteFideId "16400054"]
[BlackFideId "7301502"]
[EventDate "2024.09.11"]

1. e4 d6 2. d4 g6 3. Nf3 Bg7 4. Be3 Nf6 5. Nc3 a6 6. Be2 b5 7. O-O O-O 8. a3 Bb7
9. e5 Ng4 10. Bf4 Nd7 11. h3 dxe5 12. Nxe5 Ngxe5 13. dxe5 Nxe5 14. Bh2 Qc8 15.
f4 Nc6 16. Bf3 Nd4 17. Bxb7 Qxb7 18. Rc1 Rad8 19. Qe1 Nf5 20. Rd1 Rxd1 21. Nxd1
Bd4+ 22. Kh1 Rd8 23. c3 Bf6 24. Bg1 Rd3 25. Ne3 Bh4 26. Qb1 Nxe3 27. Bxe3 Rxe3
28. Kg1 Re2 29. Rf2 Rxf2 0-1

[Event "Olimpiade 2024 - Donne"]
[Site "Budapest"]
[Date "20.09.2024"]
[Round "9.60"]
[Board "2"]
[White "Raymundo, Deycy Daniela"]
[Black "Namangale, Susan"]
[Result "1-0"]
[WhiteElo "1728"]
[BlackElo "1521"]
[WhiteTeam "Guatemala"]
[BlackTeam "Malawi"]
[WhiteFideId "7305184"]
[BlackFideId "20501790"]
[EventDate "2024.09.11"]

1. e4 Nc6 2. d4 e6 3. Nf3 d5 4. e5 f5 5. Bg5 Be7 6. h4 b6 7. Bb5 Bb7 8. c3 Qd7
9. Nbd2 a6 10. Ba4 h6 11. Bf4 b5 12. Bc2 Bf8 13. Qe2 Nge7 14. Nh2 Ng6 15. Qh5
Qf7 16. Be3 f4 17. Bxg6 Qxg6 18. Qxg6+ Kd7 19. Bxf4 Ne7 20. Qd3 Nf5 21. Nhf3 Be7
22. O-O-O Raf8 23. Be3 Bd8 24. Nb3 c6 25. Nc5+ Kc8 26. Nxe6 Rf7 27. Nxd8 Kxd8
28. e6 Rf6 29. Ne5 Kc8 30. g4 Nxe3 31. Qxe3 Rxe6 32. f4 Rhe8 33. f5 Rf6 34. Qf4
Kc7 35. g5 Rff8 36. Ng6+ Kb6 37. Nxf8 Rxf8 38. Rde1 hxg5 39. hxg5 g6 40. Re7 1-0

[Event "Olimpiade 2024 - Donne"]
[Site "Budapest"]
[Date "20.09.2024"]
[Round "9.60"]
[Board "3"]
[White "Msukwa, Tupokiwe"]
[Black "Santiago Sontay, Jenny Fernanda"]
[Result "1/2-1/2"]
[WhiteElo "1674"]
[BlackElo "1773"]
[WhiteTeam "Malawi"]
[BlackTeam "Guatemala"]
[WhiteFideId "20500459"]
[BlackFideId "7303084"]
[EventDate "2024.09.11"]

1. d4 d5 2. c4 e5 3. e3 exd4 4. Qxd4 Nc6 5. Qxd5 Qxd5 6. cxd5 Nb4 7. Na3 Nxd5 8.
Nc2 Ngf6 9. Nf3 g6 10. b3 Bg7 11. Bb2 O-O 12. Bd3 Rd8 13. Rd1 Bd7 14. O-O Be8
15. Bd4 a5 16. a4 Nb6 17. Bxb6 cxb6 18. Bc4 Rac8 19. Rxd8 Rxd8 20. Ncd4 Rc8 21.
Rc1 Rc5 22. Rb1 Bxa4 23. Bxf7+ Kxf7 24. bxa4 h6 25. h3 Nd5 26. Nb5 Bf8 27. Ne5+
Kg7 28. Nd7 Rc4 29. Ra1 Bb4 30. Ne5 Re4 31. Nd3 Bc5 32. Rd1 Ne7 33. Nxc5 1/2-1/2

[Event "Olimpiade 2024 - Donne"]
[Site "Budapest"]
[Date "20.09.2024"]
[Round "9.60"]
[Board "4"]
[White "Mazariegos, Silvia Carolina"]
[Black "Jaylos Rachel"]
[Result "1-0"]
[WhiteTitle "WIM"]
[WhiteElo "1878"]
[BlackElo "1540"]
[WhiteTeam "Guatemala"]
[BlackTeam "Malawi"]
[WhiteFideId "7300115"]
[BlackFideId "20506970"]
[EventDate "2024.09.11"]

1. e4 e5 2. d4 exd4 3. Qxd4 Nc6 4. Qc4 d6 5. Nc3 Be6 6. Qe2 Nf6 7. f4 Be7 8. Nf3
Bg4 9. Be3 Bxf3 10. Qxf3 O-O 11. O-O-O Qe8 12. g4 h6 13. h4 Qd7 14. Be2 g6 15.
g5 Ne8 16. gxh6 Kh7 17. h5 Nf6 18. e5 Nxh5 19. Rxh5 gxh5 20. Bd3+ Kh8 21. Qxh5
f5 22. Bb5 a6 23. Bxc6 bxc6 24. Bd4 Qe6 25. exd6+ Bf6 26. Bxf6+ Rxf6 27. dxc7
Rff8 28. Qe2 Qxe2 29. Nxe2 Kh7 30. Rd6 Rg8 31. Nd4 c5 32. Nxf5 Rge8 33. Rd7+ Kg6
34. Nd6 Rf8 35. c8=Q Raxc8 36. Nxc8 Rxc8 37. Rd6+ Kh7 38. Kd2 Re8 39. Rxa6 Rd8+
40. Kc3 Rf8 41. Rc6 Rxf4 42. Rxc5 Kxh6 43. b3 Kg6 44. a4 Kf6 45. Rd5 Ke6 46. Rd3
Ke7 47. b4 Rf1 48. Kc4 Rc1 49. c3 Ra1 50. a5 Ke6 51. Kb5 Ke5 52. a6 Ke4 53. Rd6
Ke5 54. Rh6 Kd5 55. c4+ Kd4 56. Rh4+ Kc3 57. c5 Rb1 58. a7 Ra1 59. Kb6 Ra4 60.
Kb7 Rxb4+ 1-0

[Event "Olimpiade 2024 - Donne"]
[Site "Budapest"]
[Date "20.09.2024"]
[Round "9.61"]
[Board "1"]
[White "Aliu, Arlinda"]
[Black "Al Aisaee, Anat"]
[Result "1-0"]
[WhiteElo "1780"]
[BlackElo "1608"]
[WhiteTeam "Kosovo"]
[BlackTeam "Oman"]
[WhiteFideId "22101292"]
[BlackFideId "22009752"]
[EventDate "2024.09.11"]

1. d4 d5 2. Bf4 Nf6 3. Nf3 c5 4. e3 Nc6 5. Nbd2 e6 6. c3 Bd6 7. Bg3 O-O 8. Bd3
Re8 9. Ne5 cxd4 10. exd4 Qc7 11. Ndf3 Nd7 12. Bxh7+ Kxh7 13. Ng5+ Kg8 14. Nexf7
Bxg3 15. hxg3 Kf8 16. Rh8+ Ke7 17. Rxe8+ Kxe8 18. Nxe6 Qb6 19. Nd6+ Ke7 20.
Nxc8+ Rxc8 21. Qe2 Kf7 22. O-O-O Nb4 23. Re1 Nxa2+ 24. Kc2 Nb4+ 25. Kb1 Rxc3 26.
Qh5+ g6 27. Qh7+ Kf6 28. Qg7+ Kf5 29. g4+ 1-0

[Event "Olimpiade 2024 - Donne"]
[Site "Budapest"]
[Date "20.09.2024"]
[Round "9.61"]
[Board "2"]
[White "Al Balushi, Mariya"]
[Black "Recica, Jona"]
[Result "0-1"]
[WhiteElo "1561"]
[BlackElo "1791"]
[WhiteTeam "Oman"]
[BlackTeam "Kosovo"]
[WhiteFideId "22000330"]
[BlackFideId "22105239"]
[EventDate "2024.09.11"]

1. e4 e5 2. Nf3 Nc6 3. Bb5 a6 4. Ba4 Nf6 5. d4 exd4 6. e5 Nd5 7. Nxd4 Nxd4 8.
Qxd4 Nb6 9. Bb3 d6 10. O-O c5 11. Qf4 d5 12. Nc3 Be6 13. Ba4+ Nxa4 14. Nxa4 d4
15. b3 b5 16. Nb2 Qc8 17. Qg3 Bf5 18. c3 dxc3 19. Qxc3 Qe6 20. Be3 Rc8 21. f4
Be7 22. Rfd1 O-O 23. Rac1 f6 24. Nd3 c4 25. bxc4 Rxc4 26. Qb2 Ra4 27. Bc5 Rxa2
28. Bxe7 Rxb2 29. Bxf8 Bxd3 30. Bd6 Qd5 0-1

[Event "Olimpiade 2024 - Donne"]
[Site "Budapest"]
[Date "20.09.2024"]
[Round "9.61"]
[Board "3"]
[White "Saraci, Rinesa"]
[Black "Al Ghafri, Alanoud"]
[Result "1-0"]
[WhiteTitle "WCM"]
[WhiteElo "1757"]
[BlackElo "1546"]
[WhiteTeam "Kosovo"]
[BlackTeam "Oman"]
[WhiteFideId "4701976"]
[BlackFideId "22000313"]
[EventDate "2024.09.11"]

1. e4 e5 2. Nf3 d6 3. d4 Bg4 4. Be2 Nd7 5. O-O Ngf6 6. Nc3 Qe7 7. dxe5 dxe5 8.
Bg5 c6 9. Nd2 Bxe2 10. Qxe2 O-O-O 11. Nc4 h6 12. Be3 Kb8 13. Rad1 Qe6 14. f4
exf4 15. Bxf4+ Ka8 16. Bd6 Bxd6 17. Rxd6 Qe7 18. e5 Ne8 19. Rd2 f6 20. e6 Nc5
21. Rxd8+ Qxd8 22. Rd1 Qe7 23. b4 Na6 24. Rd7 Qxb4 25. Rd8+ Nb8 26. Qd3 Qe7 27.
Qd4 c5 28. Nb6+ axb6 29. Qa4# 1-0

[Event "Olimpiade 2024 - Donne"]
[Site "Budapest"]
[Date "20.09.2024"]
[Round "9.61"]
[Board "4"]
[White "Al Bulushi, Rawan"]
[Black "Saraci, Ndriqona"]
[Result "0-1"]
[BlackTitle "WCM"]
[WhiteElo "1560"]
[BlackElo "1656"]
[WhiteTeam "Oman"]
[BlackTeam "Kosovo"]
[WhiteFideId "22007415"]
[BlackFideId "969095"]
[EventDate "2024.09.11"]

1. d4 d5 2. Nf3 Nf6 3. Bf4 e6 4. e3 c5 5. c3 Nc6 6. Nbd2 Bd6 7. Ne5 cxd4 8. exd4
O-O 9. Bd3 Bc7 10. Bg3 Nxe5 11. dxe5 Nd7 12. f4 f5 13. Nf3 Nc5 14. Bc2 Ne4 15.
Bh4 Qe8 16. Qe2 Bb6 17. O-O-O Qc6 18. Nd4 Qc5 19. Nb3 Qc6 20. Nd4 Qc5 21. Bxe4
dxe4 22. Bf2 a5 23. Nxe6 Qxf2 24. Qxf2 Bxf2 25. Nxf8 Kxf8 26. Rd8+ Ke7 27. Rh8
b6 28. Kd2 e3+ 29. Kd1 Bb7 30. Rxa8 Bxa8 31. Ke2 Bc6 32. Rc1 Bxg2 33. c4 Bc6 34.
b3 Be8 35. Rc2 Bh5+ 36. Kd3 Bf3 37. Rb2 Bg1 0-1

[Event "Olimpiade 2024 - Donne"]
[Site "Budapest"]
[Date "20.09.2024"]
[Round "9.62"]
[Board "1"]
[White "Sosna Mehari Abraham"]
[Black "Strade, Arita"]
[Result "0-1"]
[WhiteElo "1541"]
[BlackElo "1946"]
[WhiteTeam "Eritrea"]
[BlackTeam "Guernsey"]
[WhiteFideId "22300090"]
[BlackFideId "11603437"]
[EventDate "2024.09.11"]

1. d4 c5 2. e3 cxd4 3. exd4 Nf6 4. Nf3 g6 5. g3 Bg7 6. Bg2 O-O 7. O-O d5 8. Re1
Nbd7 9. Nc3 h6 10. b3 a6 11. Ba3 Re8 12. Rc1 b5 13. Ne5 Bb7 14. Nxd7 Qxd7 15.
Bc5 h5 16. Qe2 e6 17. b4 Bc6 18. a3 Ng4 19. h3 Nh6 20. Rcd1 Qc7 21. Nb1 Nf5 22.
c3 Rad8 23. Nd2 e5 24. Qd3 e4 25. Qf1 e3 26. Nf3 exf2+ 27. Qxf2 Nxg3 28. Ne5 Nf5
29. Nxc6 Qxc6 30. Rxe8+ Rxe8 31. Qf3 Re4 32. Qd3 Re3 33. Qd2 Bh6 34. Qc2 Rg3 35.
Rf1 Ne3 36. Qc1 Rxg2+ 37. Kh1 Rh2+ 38. Kg1 Nxf1 39. Qxh6 Qf6 0-1

[Event "Olimpiade 2024 - Donne"]
[Site "Budapest"]
[Date "20.09.2024"]
[Round "9.62"]
[Board "2"]
[White "Nevska, Gerda"]
[Black "Besrat Mesgena Yoseph"]
[Result "1-0"]
[WhiteElo "1892"]
[BlackElo "1557"]
[WhiteTeam "Guernsey"]
[BlackTeam "Eritrea"]
[WhiteFideId "10700366"]
[BlackFideId "22301070"]
[EventDate "2024.09.11"]

1. d4 d5 2. Nf3 Nf6 3. e3 e6 4. Bd3 Be7 5. b3 Nc6 6. a3 a6 7. Bb2 h6 8. O-O O-O
9. Nbd2 Bd7 10. Ne5 Bd6 11. f4 Re8 12. Qe2 Nh7 13. Bxh7+ Kxh7 14. Nxf7 Qf6 15.
Ne5 Bxe5 16. fxe5 Qg6 17. e4 Na5 18. Rf4 h5 19. Raf1 Bb5 20. c4 dxc4 21. bxc4
Nxc4 22. Nxc4 Bxc4 23. Qxc4 c6 24. Qb3 b5 25. Qh3 Qh6 26. Rh4 g6 27. Bc1 Qg7 28.
Rf6 Rf8 29. Qxe6 Rad8 30. Rxh5+ gxh5 31. Rh6+ Qxh6 32. Qxh6+ Kg8 33. Qg6+ Kh8
34. Bg5 Rxd4 35. Qxh5+ Kg8 36. Qg6+ Kh8 37. Bf6+ Rxf6 38. exf6 1-0

[Event "Olimpiade 2024 - Donne"]
[Site "Budapest"]
[Date "20.09.2024"]
[Round "9.62"]
[Board "3"]
[White "Elshalom Essayas Berhane"]
[Black "Denning, Julie L"]
[Result "1-0"]
[WhiteElo "1659"]
[BlackElo "1741"]
[WhiteTeam "Eritrea"]
[BlackTeam "Guernsey"]
[WhiteFideId "22300988"]
[BlackFideId "10700129"]
[EventDate "2024.09.11"]

1. e4 e5 2. Nf3 Nc6 3. d4 exd4 4. Bc4 Nf6 5. e5 d5 6. Bb5 Ne4 7. Nxd4 Bd7 8.
Bxc6 bxc6 9. O-O c5 10. Nb3 c6 11. f3 Ng5 12. Nc3 Ne6 13. f4 f5 14. exf6 Qxf6
15. f5 Nc7 16. Qh5+ g6 17. fxg6 Qxg6 18. Qe5+ Ne6 19. Qxh8 O-O-O 20. Qf6 Qg8 21.
Bd2 Bg7 22. Qf7 Qh8 23. Rae1 Rf8 24. Qh5 Be8 25. Rxf8 Qxf8 26. Qg4 Bd7 27. Qa4
Kb8 28. Nxd5 c4 29. Qxc4 cxd5 30. Qxd5 Kc7 31. Ba5+ 1-0

[Event "Olimpiade 2024 - Donne"]
[Site "Budapest"]
[Date "20.09.2024"]
[Round "9.63"]
[Board "1"]
[White "Kaslan, Victoria"]
[Black "Andhin, Chethanah"]
[Result "1-0"]
[WhiteTitle "WCM"]
[BlackTitle "WCM"]
[WhiteElo "1726"]
[BlackElo "1607"]
[WhiteTeam "Suriname"]
[BlackTeam "Mauritius"]
[WhiteFideId "8202230"]
[BlackFideId "9700463"]
[EventDate "2024.09.11"]

1. c4 c5 2. g3 e5 3. Bg2 Nc6 4. Nc3 d6 5. e3 Nf6 6. Nge2 Be6 7. Nd5 Be7 8. Nec3
a6 9. O-O Qc8 10. Nb6 Qd8 11. Nxa8 Bxc4 12. d3 Be6 13. Qa4 Bd7 14. Qb3 Qxa8 15.
Nd5 Nxd5 16. Bxd5 O-O 17. a3 Qc8 18. f4 Na5 19. Qb6 Nc6 20. Bd2 exf4 21. Rxf4
Bg5 22. Rf2 Re8 23. Bxf7+ Kh8 24. Bxe8 Qxe8 25. Qxb7 Bf6 26. Raf1 Bh3 27. Rxf6
gxf6 28. Rxf6 Ne5 29. Bc3 Bc8 30. Qc7 Qd7 31. Rf8+ 1-0